Future Search /

Guardado en:
Detalles Bibliográficos
Autor principal: Weisbord, Marvin (autor)
Otros autores: Janoff, Sandra (autor) (autor)
Formato: Libro
Idioma:Inglés
Publicado: San Francisco, EUA : Berrett-Koehler, 2000, c2000
Edición:2a edición
Temas:
Etiquetas: Agrega una etiqueta
Sin etiquetas, Sé el primero en etiquetar este registro!

MARC

LEADER 00000nam^a2200000^a^4500
001 000112358
005 20250521000000.0
009 20260310093905.743
020 |a 1-57675-081-7 
037 |a Acervo ITESO - Biblioteca 
041 |a ING 
082 |a 302. 3  |b WEI 
100 |a Weisbord, Marvin  |e (autor) 
245 1 0 |a Future Search /  |c M. Weisbord, S. Janoff. 
250 |a 2a edición 
264 4 |a San Francisco, EUA :  |b Berrett-Koehler,  |c 2000, c2000 
300 |a XVIII, 265 p. 
336 |a texto  |b txt  |2 rdacontenido 
337 |a sin mediación  |b n  |2 rdamedio 
338 |a volumen  |b nc  |2 rdasoporte 
649 |a XX 
650 |a Acción Social -  |x Teoría 
650 |a Sociedad Civil 
650 |a Cambio Organizacional -  |x Tema Principal 
650 |a Cambios Sociales y Culturales -  |x Tema Principal 
650 |a Movimientos Sociales 
650 |a Organizaciones No Gubernamentales 
650 |a Redes Sociales 
650 |a Futuro -  |x Investigación 
650 |a Sociología 
700 |a Janoff, Sandra  |e (autor) 
910 |a Fondo General 
920 |a Impresos - Libros 
930 |a Colección General 
905 |a 101 
901 |a 0500048850  |b IT1  |c ACC  |u 20250521 
902 |a https://opac.biblio.iteso.mx/vufind/Record/000112358